Jak zaujmout a působit důvěryhodně

Dôležitou súčasťou manažérskych či vodcovských predpokladov je schopnosť účinne a presvedčivo komunikovať pri verejných vystúpeniach. Deväť bodov ako zaujať poslucháčov, udržať si ich pozornosť a pôsobiť na nich dôveryhodne.

Na minha lista:
Detalhes bibliográficos
Autor principal: Urban, Jan
Formato: Capítulo de Livro
Idioma:tcheco
Assuntos:
Tags: Adicionar Tag
Sem tags, seja o primeiro a adicionar uma tag!

MARC

LEADER 00000naa$a2200000$$$4500
001 0073354
005 20231019114328.5
041 0 |a cze 
044 |a CZ 
245 1 0 |a Jak zaujmout a působit důvěryhodně  |c Jan Urban 
520 |a Dôležitou súčasťou manažérskych či vodcovských predpokladov je schopnosť účinne a presvedčivo komunikovať pri verejných vystúpeniach. Deväť bodov ako zaujať poslucháčov, udržať si ich pozornosť a pôsobiť na nich dôveryhodne. 
610 2 0 |a manažéri 
610 2 0 |a lídri 
610 2 0 |a vodcovstvo 
610 2 0 |a komunikácia manažérska 
100 1 |a Urban, Jan